<?xml version="1.0" encoding="UTF-8"?>
<record
    xmlns:xsi="http://www.w3.org/2001/XMLSchema-instance"
    xsi:schemaLocation="http://www.loc.gov/MARC21/slim http://www.loc.gov/standards/marcxml/schema/MARC21slim.xsd"
    xmlns="http://www.loc.gov/MARC21/slim">

  <leader>00366nam a22001457a 4500</leader>
  <controlfield tag="008">231110b        |||||||| |||| 00| 0 eng d</controlfield>
  <datafield tag="020" ind1=" " ind2=" ">
    <subfield code="a">9789356063570</subfield>
  </datafield>
  <datafield tag="040" ind1=" " ind2=" ">
    <subfield code="a">06</subfield>
  </datafield>
  <datafield tag="100" ind1=" " ind2=" ">
    <subfield code="a">Russel Stuart</subfield>
  </datafield>
  <datafield tag="245" ind1=" " ind2=" ">
    <subfield code="a">Artificial Intelligence</subfield>
  </datafield>
  <datafield tag="250" ind1=" " ind2=" ">
    <subfield code="a">4th</subfield>
  </datafield>
  <datafield tag="260" ind1=" " ind2=" ">
    <subfield code="a">New Delhi:Person, Arishta</subfield>
    <subfield code="b">New Delhi:Person, Arishta</subfield>
    <subfield code="c">31-10-23</subfield>
  </datafield>
  <datafield tag="300" ind1=" " ind2=" ">
    <subfield code="a">1288</subfield>
  </datafield>
  <datafield tag="942" ind1=" " ind2=" ">
    <subfield code="c">02</subfield>
  </datafield>
  <datafield tag="999" ind1=" " ind2=" ">
    <subfield code="c">57661</subfield>
    <subfield code="d">57661</subfield>
  </datafield>
  <datafield tag="952" ind1=" " ind2=" ">
    <subfield code="0">0</subfield>
    <subfield code="1">0</subfield>
    <subfield code="2">ddc</subfield>
    <subfield code="4">0</subfield>
    <subfield code="7">0</subfield>
    <subfield code="9">524380</subfield>
    <subfield code="a">06</subfield>
    <subfield code="b">06</subfield>
    <subfield code="d">0000-00-00</subfield>
    <subfield code="g">1000.00</subfield>
    <subfield code="p">06-B-65690</subfield>
    <subfield code="r">2023-11-10</subfield>
    <subfield code="t">10</subfield>
    <subfield code="w">2023-11-10</subfield>
    <subfield code="y">02</subfield>
    <subfield code="w">2023-11-10</subfield>
    <subfield code="u">CS</subfield>
  </datafield>
  <datafield tag="952" ind1=" " ind2=" ">
    <subfield code="0">0</subfield>
    <subfield code="1">0</subfield>
    <subfield code="2">ddc</subfield>
    <subfield code="4">0</subfield>
    <subfield code="7">0</subfield>
    <subfield code="9">524381</subfield>
    <subfield code="a">06</subfield>
    <subfield code="b">06</subfield>
    <subfield code="d">0000-00-00</subfield>
    <subfield code="g">1000.00</subfield>
    <subfield code="p">06-B-65691</subfield>
    <subfield code="r">2023-11-10</subfield>
    <subfield code="t">11</subfield>
    <subfield code="w">2023-11-10</subfield>
    <subfield code="y">02</subfield>
    <subfield code="w">2023-11-10</subfield>
    <subfield code="u">CS</subfield>
  </datafield>
  <datafield tag="952" ind1=" " ind2=" ">
    <subfield code="0">0</subfield>
    <subfield code="1">0</subfield>
    <subfield code="2">ddc</subfield>
    <subfield code="4">0</subfield>
    <subfield code="7">0</subfield>
    <subfield code="9">524382</subfield>
    <subfield code="a">06</subfield>
    <subfield code="b">06</subfield>
    <subfield code="d">0000-00-00</subfield>
    <subfield code="g">1000.00</subfield>
    <subfield code="p">06-B-65692</subfield>
    <subfield code="r">2023-11-10</subfield>
    <subfield code="t">12</subfield>
    <subfield code="w">2023-11-10</subfield>
    <subfield code="y">02</subfield>
    <subfield code="w">2023-11-10</subfield>
    <subfield code="u">CS</subfield>
  </datafield>
  <datafield tag="952" ind1=" " ind2=" ">
    <subfield code="0">0</subfield>
    <subfield code="1">0</subfield>
    <subfield code="2">ddc</subfield>
    <subfield code="4">0</subfield>
    <subfield code="7">0</subfield>
    <subfield code="9">524383</subfield>
    <subfield code="a">06</subfield>
    <subfield code="b">06</subfield>
    <subfield code="d">0000-00-00</subfield>
    <subfield code="g">1000.00</subfield>
    <subfield code="p">06-B-65693</subfield>
    <subfield code="r">2023-11-10</subfield>
    <subfield code="t">13</subfield>
    <subfield code="w">2023-11-10</subfield>
    <subfield code="y">02</subfield>
    <subfield code="w">2023-11-10</subfield>
    <subfield code="u">CS</subfield>
  </datafield>
  <datafield tag="952" ind1=" " ind2=" ">
    <subfield code="0">0</subfield>
    <subfield code="1">0</subfield>
    <subfield code="2">ddc</subfield>
    <subfield code="4">0</subfield>
    <subfield code="7">0</subfield>
    <subfield code="9">524384</subfield>
    <subfield code="a">06</subfield>
    <subfield code="b">06</subfield>
    <subfield code="d">0000-00-00</subfield>
    <subfield code="g">1000.00</subfield>
    <subfield code="p">06-B-65694</subfield>
    <subfield code="r">2023-11-10</subfield>
    <subfield code="t">14</subfield>
    <subfield code="w">2023-11-10</subfield>
    <subfield code="y">02</subfield>
    <subfield code="w">2023-11-10</subfield>
    <subfield code="u">CS</subfield>
  </datafield>
  <datafield tag="952" ind1=" " ind2=" ">
    <subfield code="0">0</subfield>
    <subfield code="1">0</subfield>
    <subfield code="2">ddc</subfield>
    <subfield code="4">0</subfield>
    <subfield code="7">0</subfield>
    <subfield code="9">524385</subfield>
    <subfield code="a">06</subfield>
    <subfield code="b">06</subfield>
    <subfield code="d">0000-00-00</subfield>
    <subfield code="g">1000.00</subfield>
    <subfield code="p">06-B-65695</subfield>
    <subfield code="r">2023-11-10</subfield>
    <subfield code="t">15</subfield>
    <subfield code="w">2023-11-10</subfield>
    <subfield code="y">02</subfield>
    <subfield code="w">2023-11-10</subfield>
    <subfield code="u">CS</subfield>
  </datafield>
  <datafield tag="952" ind1=" " ind2=" ">
    <subfield code="0">0</subfield>
    <subfield code="1">0</subfield>
    <subfield code="2">ddc</subfield>
    <subfield code="4">0</subfield>
    <subfield code="7">0</subfield>
    <subfield code="9">524386</subfield>
    <subfield code="a">06</subfield>
    <subfield code="b">06</subfield>
    <subfield code="d">0000-00-00</subfield>
    <subfield code="g">1000.00</subfield>
    <subfield code="l">1</subfield>
    <subfield code="p">06-B-65696</subfield>
    <subfield code="r">2026-01-28</subfield>
    <subfield code="s">2025-10-27</subfield>
    <subfield code="t">16</subfield>
    <subfield code="w">2023-11-10</subfield>
    <subfield code="y">02</subfield>
    <subfield code="s">2025-10-27</subfield>
    <subfield code="w">2023-11-10</subfield>
    <subfield code="u">CS</subfield>
  </datafield>
  <datafield tag="952" ind1=" " ind2=" ">
    <subfield code="0">0</subfield>
    <subfield code="1">0</subfield>
    <subfield code="2">ddc</subfield>
    <subfield code="4">0</subfield>
    <subfield code="7">0</subfield>
    <subfield code="9">524387</subfield>
    <subfield code="a">06</subfield>
    <subfield code="b">06</subfield>
    <subfield code="d">0000-00-00</subfield>
    <subfield code="g">1000.00</subfield>
    <subfield code="l">1</subfield>
    <subfield code="p">06-B-65697</subfield>
    <subfield code="r">2025-01-28</subfield>
    <subfield code="s">2024-12-30</subfield>
    <subfield code="t">17</subfield>
    <subfield code="w">2023-11-10</subfield>
    <subfield code="y">02</subfield>
    <subfield code="s">2024-12-30</subfield>
    <subfield code="w">2023-11-10</subfield>
    <subfield code="u">CS</subfield>
  </datafield>
  <datafield tag="952" ind1=" " ind2=" ">
    <subfield code="0">0</subfield>
    <subfield code="1">0</subfield>
    <subfield code="2">ddc</subfield>
    <subfield code="4">0</subfield>
    <subfield code="7">0</subfield>
    <subfield code="9">524388</subfield>
    <subfield code="a">06</subfield>
    <subfield code="b">06</subfield>
    <subfield code="d">0000-00-00</subfield>
    <subfield code="g">1000.00</subfield>
    <subfield code="p">06-B-65698</subfield>
    <subfield code="r">2023-11-10</subfield>
    <subfield code="t">18</subfield>
    <subfield code="w">2023-11-10</subfield>
    <subfield code="y">02</subfield>
    <subfield code="w">2023-11-10</subfield>
    <subfield code="u">CS</subfield>
  </datafield>
  <datafield tag="952" ind1=" " ind2=" ">
    <subfield code="0">0</subfield>
    <subfield code="1">0</subfield>
    <subfield code="2">ddc</subfield>
    <subfield code="4">0</subfield>
    <subfield code="7">0</subfield>
    <subfield code="9">524389</subfield>
    <subfield code="a">06</subfield>
    <subfield code="b">06</subfield>
    <subfield code="d">0000-00-00</subfield>
    <subfield code="g">1000.00</subfield>
    <subfield code="l">1</subfield>
    <subfield code="p">06-B-65699</subfield>
    <subfield code="r">2025-01-29</subfield>
    <subfield code="s">2024-12-30</subfield>
    <subfield code="t">19</subfield>
    <subfield code="w">2023-11-10</subfield>
    <subfield code="y">02</subfield>
    <subfield code="s">2024-12-30</subfield>
    <subfield code="w">2023-11-10</subfield>
    <subfield code="u">CS</subfield>
  </datafield>
</record>
